|
|
|
|
| LEADER |
00000nas a2200000 a 4500 |
| 001 |
ssj0006114 |
| 003 |
WaSeSS |
| 005 |
20200512172242.0 |
| 006 |
m d |
| 007 |
cr n |
| 008 |
050614d19932002miuqr pss 0 0eng c |
| 010 |
|
|
|a 2010263038
|
| 022 |
|
|
|y 1071-7919
|
| 035 |
|
|
|a (WaSeSS)ssj0006114
|
| 040 |
|
|
|a OCLCS
|b eng
|c OCLCS
|d AUD
|d OCLCQ
|d RUQBL
|d CO3
|d TXA
|d OCLCQ
|d OCLCF
|d OCLCO
|d OCLCQ
|d VT2
|d WaSeSS
|
| 042 |
|
|
|a pcc
|
| 050 |
1 |
4 |
|a HD57.7
|b .J68
|
| 082 |
0 |
0 |
|a 303.3/4/05
|2 20
|
| 130 |
0 |
|
|a Journal of leadership studies (Online)
|
| 245 |
1 |
4 |
|a The Journal of leadership studies
|h [electronic resource].
|
| 260 |
|
|
|a [Flint, Mich.] :
|b [Baker College Pub. Co.],
|c [1993-2002]
|
| 310 |
|
|
|a Quarterly
|
| 362 |
1 |
|
|a Began with: Vol. 1, no. 1 (Nov. 1993); ceased with: vol. 8, no. 4 (spring 2002).
|
| 506 |
|
|
|a License restrictions may limit access.
|
| 538 |
|
|
|a Mode of access: World Wide Web.
|
| 588 |
|
|
|a Description based on: Vol. 1, no. 1 (Nov. 1993); title from PDF article header (Sage site, viewed Feb. 2, 2010).
|
| 588 |
|
|
|a Latest issue consulted: Vol. 8, no. 4 (spring 2002) (Sage site, viewed Feb. 2, 2010).
|
| 650 |
|
0 |
|a Leadership
|v Periodicals.
|
| 650 |
|
0 |
|a Management
|v Periodicals.
|
| 650 |
|
6 |
|a Leadership
|v Périodiques.
|
| 650 |
|
6 |
|a Gestion
|v Périodiques.
|
| 650 |
|
7 |
|a Leadership.
|2 fast
|0 (OCoLC)fst00994701
|
| 650 |
|
7 |
|a Management.
|2 fast
|0 (OCoLC)fst01007141
|
| 655 |
|
0 |
|a Electronic journals.
|
| 776 |
0 |
8 |
|i Print version:
|t Journal of leadership studies
|x 1071-7919
|w (DLC) 94657508
|w (OCoLC)28731229
|
| 785 |
0 |
0 |
|t Journal of leadership & organizational studies (Online)
|x 1939-7089
|w (DLC) 2007215503
|w (OCoLC)60624433
|
| 856 |
4 |
0 |
|z Full text available from Research Library: 01/01/1998 to Spring 2002
|u https://search.proquest.com/publication/27332
|